| 000 -LEADER |
| fixed length control field |
00416pab a2200145 454500 |
| 008 - FIXED-LENGTH DATA ELEMENTS--GENERAL INFORMATION |
| fixed length control field |
180718b2013 xxu||||| |||| 00| 0 eng d |
| 100 ## - MAIN ENTRY--PERSONAL NAME |
| Personal name |
Shiva, Vandana |
| 245 ## - TITLE STATEMENT |
| Title |
Earth democracy: creating living economies that work for the planet and people |
| 260 ## - PUBLICATION, DISTRIBUTION, ETC. |
| Date of publication, distribution, etc. |
2013 |
| 300 ## - PHYSICAL DESCRIPTION |
| Extent |
p.36-48. |
| 362 ## - DATES OF PUBLICATION AND/OR SEQUENTIAL DESIGNATION |
| Dates of publication and/or sequential designation |
Jul- Dec |
| 650 ## - SUBJECT ADDED ENTRY--TOPICAL TERM |
| Topical term or geographic name entry element |
Earth democracy |
| 773 ## - HOST ITEM ENTRY |
| Main entry heading |
Journal of Social and Economic Studies |
| 909 ## - |
| -- |
108733 |